Govt. of
Madhya Pradesh

Universal self Scorer Zoology (Record no. 32110)

MARC details
000 -LEADER
fixed length control field 004490000a22001810004500
003 - CONTROL NUMBER IDENTIFIER
control field MACL
005 - DATE AND TIME OF LATEST TRANSACTION
control field 20160129120559.0
008 - FIXED-LENGTH DATA ELEMENTS--GENERAL INFORMATION
fixed length control field 160129b xxu||||| |||| 00| 0 eng d
040 ## - CATALOGING SOURCE
Original cataloging agency MACL
Transcribing agency MACL
041 ## - LANGUAGE CODE
Language code of text/sound track or separate title English
082 ## - DEWEY DECIMAL CLASSIFICATION NUMBER
Classification number 590/UNI
100 ## - MAIN ENTRY--PERSONAL NAME
Personal name Universal Book Depot
9 (RLIN) 34523
245 ## - TITLE STATEMENT
Title Universal self Scorer Zoology
260 ## - PUBLICATION, DISTRIBUTION, ETC. (IMPRINT)
Name of publisher, distributor, etc. Universal Book Depot
Place of publication, distribution, etc. Gwalior
350 ## - PRICE (NR) (BK AM CF MU VM SE) [OBSOLETE]
Price 285
650 ## - SUBJECT ADDED ENTRY--TOPICAL TERM
Topical term or geographic name as entry element Animals
9 (RLIN) 35230
942 ## - ADDED ENTRY ELEMENTS (KOHA)
Koha item type Books
Call number prefix 590/uni
Source of classification or shelving scheme
Holdings
Withdrawn status Lost status Source of classification or shelving scheme Damaged status Not for loan Home library Current library Date acquired Cost, normal purchase price Total Checkouts Total Renewals Full call number Barcode Date last seen Date last checked out Uniform Resource Identifier Price effective from Koha item type
          MACL MACL 29/01/2016 285.00 3 2 590/uni CLC000626 11/08/2017 05/07/2017 32165 15/04/2015 Books